Química: (Registro nro. 15538)

Detalles MARC
000 -Cabecera
Campo de control interno 00441nam a2200181Ia 4500
005 - Fecha y hora del registro
control field 20260306170203.0
008 - Elementos de Longitud Fija
fixed length control field 260306t2016||||xx |||||||||||||| ||und||
041 ## - Idioma
Codigo Idioma ESP
082 ## - DEWEY y NOTACIÓN INTERNA
Dewey 542.1
Notación Interna T74
100 ## - AUTOR
Autor denominación Torres Cartas, Sagrario
Término de relación autor
245 #0 - TÍTULO DE MATERIAL BIBLIOGRÁFICO
Título Química:
Título paralelo prácticas de laboratorio
260 ## - CIUDAD, EDITORIAL, AÑO
Año 2016
300 ## - DESCRIPCIÓN
N° Páginas ix, 170 páginas :
Dimensiones 24 cm.
650 ## - TEMAS
Temas Generalidades
654 ## - PROGRAMAS
Programa Dpto. de Ciencias Naturales
942 ## - ELEMENTOS DE KOHA
Tipo de documento Libro
Nombre del creador Justo Noguera
Código de catalogador Justo Noguera
Esquema de clasificación Dewey Decimal Classification
Suppress in OPAC
Existencias
Codigo completo Registro Colección Copia número Disponibilidad Tipo de préstamo Biblioteca Actual Procedencia (Biblioteca) Ubicacón Fecha Ingreso Tipo de Adquisición Date last seen Total checkouts Date last checked out Price effective from Tipo de Item Estado del Material Fuente de Clasificación Damaged status Withdrawn status
542.1 T74 1058509 Universidad Católica San Pablo 1 Disponible Disponible Víctor Andrés Belaunde Víctor Andrés Belaunde Segundo piso 03/06/2026 Compra 24/04/2026 1 24/04/2026 06/03/2026 Libro Bueno Dewey Decimal Classification